Statistics for Famous Caribbean People

Click here to take the quiz!

General Stats

  • This quiz has been taken 7,365 times
    (4,142 since last reset)
  • The average score is 10 of 21

Answer Stats

Clue Country Person % Correct
The fastest sprinter of all timeJamaicaUsain Bolt
93%
Communist dictator and cigar aficionadoCubaFidel Castro
92%
The most famous reggae musician of all-timeJamaicaBob Marley
89%
Singer of "Umbrella" and "Diamonds"BarbadosRihanna
88%
Singer of "Livin' la Vida Loca"Puerto RicoRicky Martin
77%
Caribbean pirate born Edward Teach-Blackbeard
60%
Rapper who got caught cheating and said "it wasn't me"JamaicaShaggy
51%
Actor who gave a thumbs down in "Gladiator"Puerto RicoJoaquin Phoenix
47%
Pink-wigged rapper and singerTrinidad and TobagoNicki Minaj
45%
Miami Sound Machine singer whose family fled CubaCubaGloria Estefan
44%
Latin band leader and husband of Lucille BallCubaDesi Arnaz
41%
Knighted actor who starred in "Guess Who's Coming to Dinner"BahamasSidney Poitier
39%
His face can be seen on the U.S. $10 billSt. Kitts and NevisAlexander Hamilton
37%
Fugees singer who tried to run for President of HaitiHaitiWyclef Jean
36%
Slugging Chicago Cubs star who hit 66 home runs in 1998Dominican RepublicSammy Sosa
35%
Greatest player in San Antonio Spurs historyUS Virgin IslandsTim Duncan
33%
Haitian dictator known as "Papa Doc"HaitiFrançois Duvalier
33%
Fierce "Slave to the Rhythm" singer and Bond girl in
"A View to a Kill"
JamaicaGrace Jones
32%
Former slave who brought Haiti to independenceHaitiToussaint Louverture
23%
He has the only quadruple century in test cricket historyTrinidad and TobagoBrian Lara
21%
1920s chess champion called one of the greatest everCubaJosé Raúl Capablanca
10%

Score Distribution

Percentile by Number Answered

Percent of People with Each Score

Your Score History

You have not taken this quiz since the last reset